La asombrosa historia del viajero de las estrellas / (Registro nro. 11783)

Detalles MARC
000 -LIDER
fixed length control field 00809nam a22002777a 4500
001 - NÚMERO DE CONTROL
Identificador de número de control 0011721
003 - IDENTIFICACDOR DE NÚMERO DE CONTROL
control field DO-SdBNP
005 - DATE AND TIME OF LATEST TRANSACTION
control field 20180208083524.0
007 - CAMPOS FIJOS DE DESCRIPCIÓN FÍSICA
fixed length control field 0011721
008 - ELEMENTOS DE LONGITUD FIJA
fixed length control field 161104b 2002 xxu ||||| |||| 00| 0 spa d
020 ## - ISBN
International Standard Book Number 9580468729
040 ## - FUENTE DE CATALOGACIÓN
Agencia que crea de manera original el registro BPMSU
Idioma de catalogación spa
Agencia que realiza la transcripción BPMSU
082 ## - NÚMERO DE CLASIFICACIÓN DECIMAL DE DEWEY
Classification number xxxxxxxxx
Item number xxxxxxxxx
100 1# - ASIENTO PRINCIPAL -- NOMBRE PERSONAL
Nombre personal Sierra i Fabra, Jordi
245 13 - MENCIÓN DE TITULO
Título La asombrosa historia del viajero de las estrellas /
Mención de responsabilidad Jordi Sierra i Fabra ; ilustraciones Daniel López
260 ## - PUBLICACIÓN, DISTRIBUCIÓN, ETC. (PIE DE IMPRENTA)
Lugar de publicación, distribución, etc Estados Unidos :
Nombre del editor, distribuidor, etc. Norma,
Fecha de publicación, distribución, etc 2002.
300 ## - DESCRIPCIÓN FÍSICA
Extensión 106 p. :
Dimensiones 19 cm.
490 1# - MENCIÓN DE SERIES
Mención de serie Torre de papel
490 1# - MENCIÓN DE SERIES
Mención de serie Torre amarilla
700 1# - ASIENTO SECUNDARIO -- NOMBRE PERSONAL
Nombre personal López, Daniel,
Mención de responsabilidad il.
830 #0 - ASIENTO SECUNDARIO DE SERIE--TÍTULO UNIFORME
Título uniforme Torre de papel
830 #0 - ASIENTO SECUNDARIO DE SERIE--TÍTULO UNIFORME
Título uniforme Torre amarilla
942 ## - ADDED ENTRY ELEMENTS (KOHA)
Source of classification or shelving scheme Dewey Decimal Classification
Koha item type Libros
945 ## - INFORMACIÓN DE PROCESAMIENTO LOCAL
Información de procesamiento local inventariado, 2018 / dg
956 ## - LOCAL ELECTRONIC LOCATION AND ACCESS (OCLC)
Nombre de host BTAVÁREZ
Número de acceso 10
Información de compresión 20161104
Trayectoria 0011721
Existencias
Withdrawn status Lost status Source of classification or shelving scheme Damaged status Not for loan Collection code Home library Current library Date acquired Source of acquisition Total Checkouts Full call number Barcode Date last seen Price effective from Koha item type
    Dewey Decimal Classification     Colección Infantil General Biblioteca Pública Metropolitana Salomé Ureña Biblioteca Pública Metropolitana Salomé Ureña 11/04/2016 Fundi   xxxxxxxxx xxxxxxxxx BPMSU16110101 11/04/2016 11/04/2016 Libros